[Event "Women's Speed Chess Q2"]
[Site "chess.com INT"]
[Date "2021.05.29"]
[Round "11"]
[White "Cyfka, Karina"]
[Black "Atalik, Ekaterina"]
[Result "0-1"]
[WhiteTitle "IM"]
[BlackTitle "IM"]
[WhiteElo "2415"]
[BlackElo "2430"]
[WhiteFideId "1122681"]
[BlackFideId "4130189"]
[EventDate "2021.05.29"]

1. d4 Nf6 2. c4 g6 3. Nc3 d5 4. Qb3 dxc4 5. Qxc4 Bg7 6. e4 O-O 7. Be2 a6 8. Nf3
b5 9. Qb3 c5 10. d5 b4 11. e5 bxc3 12. exf6 Bxf6 13. bxc3 Nd7 14. O-O Rb8 15.
Qc2 Nb6 16. Bh6 Re8 17. c4 Bf5 18. Qd2 Na4 19. Bd3 Bxd3 20. Qxd3 Bxa1 21. Rxa1
Qd6 22. g3 Qf6 23. Re1 Nb2 24. Qe4 Nxc4 25. Qxc4 Qxf3 26. Qxc5 Rbd8 27. Qd4 f6
28. Rd1 g5 29. h4 Qh5 30. hxg5 Qg6 31. Qe3 f5 32. Qe5 Rd7 33. Rc1 Red8 34. Rc6
Qf7 35. g6 hxg6 36. Bg5 Rxd5 37. Qe3 Rd1+ 38. Kg2 Qd5+ 39. Qf3 Rg1+ 40. Kxg1
Qxf3 0-1

[Event "Women's Speed Chess Q2"]
[Site "chess.com INT"]
[Date "2021.05.29"]
[Round "11"]
[White "Ribeiro, Regina"]
[Black "Farhat Willemstein, Stela Souza"]
[Result "0-1"]
[WhiteTitle "WIM"]
[BlackTitle "WFM"]
[WhiteElo "1920"]
[BlackElo "1758"]
[WhiteFideId "2100681"]
[BlackFideId "2109808"]
[EventDate "2021.05.29"]

1. Nf3 d5 2. b3 e6 3. Bb2 Nf6 4. e3 Bd6 5. c4 O-O 6. Be2 c5 7. O-O Nc6 8. d4
cxd4 9. exd4 dxc4 10. bxc4 b6 11. Nc3 Bb7 12. d5 exd5 13. Nxd5 Nxd5 14. cxd5 Ne7
15. Qd4 Nf5 16. Qg4 g6 17. Bd3 Bc8 18. Bxf5 Bxf5 19. Qd4 f6 20. Rfd1 Bc5 21. Qd2
Qd7 22. Nd4 Bg4 23. f3 Bf5 24. Kh1 Rae8 25. Nxf5 Qxf5 26. d6 Be3 0-1

[Event "Women's Speed Chess Q2"]
[Site "chess.com INT"]
[Date "2021.05.29"]
[Round "11"]
[White "Ovezdurdiyeva, Jemal"]
[Black "Mordido, Kylen Joy"]
[Result "1-0"]
[WhiteTitle "WFM"]
[BlackTitle "WIM"]
[WhiteElo "2061"]
[BlackElo "2014"]
[WhiteFideId "14001888"]
[BlackFideId "5219086"]
[EventDate "2021.05.29"]

1. d4 Nf6 2. c4 c5 3. Nc3 cxd4 4. Qxd4 Nc6 5. Qd1 g6 6. Nf3 Bg7 7. e3 O-O 8. Be2
b6 9. O-O Bb7 10. Qc2 Rc8 11. b3 Nb4 12. Qb1 Ne4 13. Nxe4 Bxe4 14. Qxe4 Bxa1 15.
Ba3 Bc3 16. Rc1 d5 17. Qg4 Nxa2 18. Rc2 Bb4 19. Rxa2 Bxa3 20. Rxa3 dxc4 21. bxc4
a5 22. Rd3 Qc7 23. Rd7 Qc5 24. Ng5 h6 25. Ne4 Qe5 26. Qh4 Rfd8 27. Rxe7 Qa1+ 28.
Bf1 Rd1 29. Ng3 Rcd8 30. Qxh6 Rxf1+ 31. Nxf1 Qf6 32. Ra7 Qc6 33. Qf4 Rf8 34. h4
a4 35. Qf3 Qxc4 36. h5 gxh5 37. Qxh5 Kg7 38. Qg5+ Kh7 39. Qf5+ Kg7 40. Ng3 Qc1+
41. Kh2 Rh8+ 42. Nh5+ 1-0

[Event "Women's Speed Chess Q2"]
[Site "chess.com INT"]
[Date "2021.05.29"]
[Round "11"]
[White "Kairbekova, Amina"]
[Black "Bommini, Mounika Akshaya"]
[Result "0-1"]
[WhiteTitle "WFM"]
[BlackTitle "WFM"]
[WhiteElo "2132"]
[BlackElo "2029"]
[WhiteFideId "13712799"]
[BlackFideId "25019872"]
[EventDate "2021.05.29"]

1. e4 c5 2. Nf3 d6 3. d4 cxd4 4. Nxd4 Nf6 5. Nc3 a6 6. Nb3 e6 7. g4 Be7 8. Bg2
Nc6 9. g5 Nd7 10. f4 h6 11. h4 hxg5 12. hxg5 Rxh1+ 13. Bxh1 Qb6 14. Qf3 Nb4 15.
Qg2 Nxc2+ 16. Qxc2 Qg1+ 17. Ke2 Qh2+ 18. Kd3 Qxh1 19. Be3 Qh3 20. Ne2 Nc5+ 21.
Nxc5 dxc5 22. Kd2 Bd7 23. Bxc5 Rc8 24. b4 Bb5 25. Nd4 Bxc5 26. bxc5 Rd8 27. Qc3
Qg2+ 28. Kc1 Qg1+ 29. Kb2 Qxd4 30. Rh1 Qxc3+ 31. Kxc3 Rd3+ 32. Kb4 Rd4+ 33. Ka5
Rxe4 34. Rh8+ Ke7 35. Kb6 Bc6 36. Rg8 g6 37. Rc8 Rxf4 38. Rc7+ Kd8 39. Rxc6 bxc6
40. Kxc6 e5 41. Kd6 e4 42. c6 e3 43. c7+ Kc8 44. Ke5 Rf1 0-1

[Event "Women's Speed Chess Q2"]
[Site "chess.com INT"]
[Date "2021.05.29"]
[Round "11"]
[White "Gaponenko, Inna"]
[Black "Nomin-Erdene, Davaademberel"]
[Result "1-0"]
[WhiteTitle "IM"]
[BlackTitle "IM"]
[WhiteElo "2357"]
[BlackElo "2382"]
[WhiteFideId "14101181"]
[BlackFideId "4900782"]
[EventDate "2021.05.29"]

1. e4 c6 2. d4 d5 3. exd5 cxd5 4. c4 e6 5. Nc3 Bb4 6. Nf3 Ne7 7. cxd5 Nxd5 8.
Bd2 Nc6 9. Bd3 h6 10. O-O O-O 11. Rc1 Nf6 12. Be3 b6 13. Ne4 Bb7 14. Qa4 Rc8 15.
Nxf6+ Qxf6 16. Be4 e5 17. dxe5 Qe6 18. Bxc6 Bxc6 19. Qxb4 Bxf3 20. gxf3 Qxe5 21.
Qd4 Qf5 22. Rxc8 Qxc8 23. Rc1 Qe6 24. a3 Qf5 25. Qg4 Qb5 26. Bd4 g6 27. Bc3 Rd8
28. Re1 Qd5 29. Qf4 Qg5+ 30. Qxg5 hxg5 31. Re7 a6 32. Ra7 a5 33. Rb7 f5 34. Rxb6
Kf7 35. Bxa5 Rd1+ 36. Kg2 Rd3 37. Bc3 g4 38. fxg4 fxg4 39. a4 1-0

[Event "Women's Speed Chess Q2"]
[Site "chess.com INT"]
[Date "2021.05.29"]
[Round "11"]
[White "Gu, Xiaobing"]
[Black "Mahalakshmi, M"]
[Result "1-0"]
[WhiteTitle "WGM"]
[BlackTitle "WIM"]
[WhiteElo "2263"]
[BlackElo "2253"]
[WhiteFideId "8602611"]
[BlackFideId "5001080"]
[EventDate "2021.05.29"]

1. e4 c6 2. d4 d5 3. exd5 cxd5 4. c4 Nf6 5. Nc3 g6 6. Bg5 Bg7 7. Bxf6 Bxf6 8.
cxd5 O-O 9. Be2 Qb6 10. Nf3 Qxb2 11. Nb5 Na6 12. O-O Bd7 13. a4 Qb4 14. Rb1 Qa5
15. Qb3 Nc7 16. Ne5 Bxb5 17. axb5 Rad8 18. Nc4 Qxb5 19. Qxb5 Nxb5 20. Rxb5 b6
21. Ra1 Bxd4 22. Rxa7 Rfe8 23. g3 Rc8 24. Kg2 Kf8 25. Kf3 Red8 26. Ra2 Rc7 27.
Rd2 Bc5 28. Rbb2 Rb8 29. Rb5 Ra7 30. Rdb2 Rd8 31. Rd2 Rb8 32. Kg2 Ra1 33. Bf3
Rc1 34. Ne5 Ke8 35. Nc6 Ra8 36. Re2 Raa1 37. Kh3 Re1 38. Rbb2 Rxe2 39. Rxe2 Rf1
40. Kg2 Rc1 41. Nxe7 Kd7 42. Nc6 f6 43. Ra2 Kd6 44. Be2 1-0

[Event "Women's Speed Chess Q2"]
[Site "chess.com INT"]
[Date "2021.05.29"]
[Round "11"]
[White "Shvedova, Alexandra"]
[Black "Vargas, Gabriela"]
[Result "0-1"]
[WhiteTitle "WFM"]
[BlackTitle "WIM"]
[WhiteElo "1976"]
[BlackElo "2170"]
[WhiteFideId "54154782"]
[BlackFideId "3700860"]
[EventDate "2021.05.29"]

1. e4 e6 2. d4 d5 3. Nd2 Nc6 4. Ngf3 Nf6 5. e5 Nd7 6. c3 f6 7. exf6 Qxf6 8. Bb5
Bd6 9. O-O O-O 10. Re1 e5 11. Bxc6 bxc6 12. dxe5 Nxe5 13. Nxe5 Bxe5 14. Nf3 Bg4
15. h3 Bxf3 16. Qxf3 Qd6 17. Qe2 Rae8 18. Kh1 Bg3 19. Qxe8 Rxe8 20. Rxe8+ Kf7
21. Re2 Be5 22. Bd2 c5 23. Rae1 Bf6 24. g3 Qd7 25. Kg2 d4 26. cxd4 cxd4 27. Bf4
Qd5+ 28. Kh2 Qxa2 29. Bxc7 d3 30. Rd2 Bc3 31. bxc3 Qxd2 32. Ra1 Qxf2+ 33. Kh1 d2
34. Bf4 Qe1+ 35. Rxe1 dxe1=Q+ 36. Kg2 Qxc3 37. g4 a5 38. g5 a4 39. Be5 Qc2+ 40.
Kf3 a3 41. h4 a2 42. h5 Qf5+ 43. Kg2 Qxe5 44. g6+ hxg6 45. hxg6+ Ke6 46. Kh3 Qf4
47. Kg2 Qe3 48. Kh2 Qf3 49. Kg1 a1=Q+ 50. Kh2 Qah1# 0-1

[Event "Women's Speed Chess Q2"]
[Site "chess.com INT"]
[Date "2021.05.29"]
[Round "11"]
[White "Buksa, Nataliya"]
[Black "Assaubayeva, Bibisara"]
[Result "0-1"]
[WhiteTitle "IM"]
[BlackTitle "IM"]
[WhiteElo "2414"]
[BlackElo "2381"]
[WhiteFideId "14123622"]
[BlackFideId "13708694"]
[EventDate "2021.05.29"]

1. e4 e5 2. Nf3 Nc6 3. Bc4 Bc5 4. c3 Nf6 5. d4 exd4 6. e5 d5 7. Bb5 Ne4 8. cxd4
Bb6 9. Nc3 O-O 10. Be3 Bg4 11. h3 Bf5 12. Bd3 Ba5 13. Rc1 Nb4 14. Bb1 Nxc3 15.
bxc3 Bxb1 16. cxb4 Bxb4+ 17. Bd2 Bxd2+ 18. Qxd2 Be4 19. Ng5 Bxg2 20. Rg1 Be4 21.
Nxe4 dxe4 22. Qe3 f6 23. exf6 Rxf6 24. Rc5 c6 25. Rcg5 Rf7 26. h4 Qf6 27. h5 Rd8
28. h6 g6 29. Re5 Rdf8 30. Rg2 Qh4 31. Qxe4 Rf4 32. Rxg6+ Kh8 33. Rg4 Rxe4+ 34.
Rexe4 Qxf2+ 35. Kd1 Qf1+ 36. Kc2 Rf2+ 37. Kb3 Qd3+ 38. Kb4 Rb2+ 39. Kc5 Qa3+ 40.
Kc4 Rb4+ 41. Kc5 Rb3+ 42. Kc4 Qb4# 0-1

[Event "Women's Speed Chess Q2"]
[Site "chess.com INT"]
[Date "2021.05.29"]
[Round "11"]
[White "Froewis, Annika"]
[Black "Smirnova, Ekaterina"]
[Result "0-1"]
[WhiteTitle "WFM"]
[BlackTitle "WIM"]
[WhiteElo "2143"]
[BlackElo "2240"]
[WhiteFideId "1621432"]
[BlackFideId "4110943"]
[EventDate "2021.05.29"]

1. e4 e6 2. d4 d5 3. Nc3 Bb4 4. e5 c5 5. a3 Bxc3+ 6. bxc3 Qc7 7. Qg4 f6 8. Bb5+
Kf8 9. a4 a6 10. Bd3 fxe5 11. Ba3 exd4 12. cxd4 Nf6 13. Qf3 Qa5+ 14. Kf1 b6 15.
Ne2 Nc6 16. g4 Ke8 17. dxc5 Ne5 18. Qg3 Nxd3 19. cxd3 bxc5 20. g5 Nd7 21. Qd6
Qb6 22. Qxb6 Nxb6 23. Bxc5 Nd7 24. Bd6 a5 25. Kg2 Ba6 26. Rhd1 Kf7 27. Nf4 e5
28. Nh5 g6 29. Ng3 Ke6 30. Ba3 Rab8 31. d4 e4 32. Rab1 Rhc8 33. f3 Bd3 34. Rxb8
Rxb8 35. fxe4 dxe4 36. Kf2 Rb3 37. Bc5 Nxc5 38. dxc5 Kd5 39. Ke3 Kxc5 40. Kf4
Rb4 41. Rc1+ Kd6 42. Re1 Rxa4 43. Nxe4+ Rxe4+ 44. Rxe4 Bxe4 45. Kxe4 a4 46. Kd4
Ke6 47. Kc4 Kf5 48. h4 Kg4 49. Kb4 Kxh4 50. Kxa4 Kxg5 0-1

[Event "Women's Speed Chess Q2"]
[Site "chess.com INT"]
[Date "2021.05.29"]
[Round "11"]
[White "Kanyamarala, Trisha"]
[Black "Arakhamia-Grant, Ketevan"]
[Result "0-1"]
[WhiteTitle "WIM"]
[BlackTitle "GM"]
[WhiteElo "2180"]
[BlackElo "2380"]
[WhiteFideId "45004722"]
[BlackFideId "13600168"]
[EventDate "2021.05.29"]

1. d4 Nf6 2. c4 g6 3. Nc3 Bg7 4. e4 d6 5. Nf3 O-O 6. Be2 e5 7. d5 a5 8. h3 Na6
9. Bg5 h6 10. Be3 Nh5 11. g3 f5 12. exf5 gxf5 13. Nh4 Nf6 14. Rg1 Kh7 15. Qc2 e4
16. O-O-O Nb4 17. Qd2 a4 18. a3 Na6 19. g4 Nc5 20. Bxc5 dxc5 21. Nxf5 Bxf5 22.
gxf5 Rg8 23. Qf4 Qe7 24. h4 b6 25. Rg6 Raf8 26. Rdg1 Nd7 27. Qg4 Ne5 28. Qh5
Nxg6 29. fxg6+ Kh8 30. Qg4 Qf6 31. Rg2 e3 32. fxe3 Qe5 33. Qe4 Re8 34. Qxe5 Rxe5
35. e4 Rf8 36. Kd2 h5 37. Bd3 Bh6+ 38. Ke2 Kg7 39. Nd1 Re7 40. Ne3 Bxe3 41. Kxe3
Rf6 42. Rg3 Rxg6 43. Rxg6+ Kxg6 44. e5+ Kf7 45. Kf4 Kg7 46. Kf5 Rf7+ 47. Kg5 Rf3
48. Bf5 Re3 49. e6 Rg3+ 50. Kxh5 Kf6 51. Bh7 Rg2 52. Kh6 Rxb2 53. h5 b5 54. cxb5
Rxb5 55. Bg6 c4 56. Kh7 c3 57. Kg8 Rxd5 58. Kf8 Rd8+ 0-1

[Event "Women's Speed Chess Q2"]
[Site "chess.com INT"]
[Date "2021.05.29"]
[Round "11"]
[White "Marjanovic, Annamaria"]
[Black "Pourkashiyan, Atousa"]
[Result "1-0"]
[WhiteTitle "WGM"]
[BlackTitle "WGM"]
[WhiteElo "2338"]
[BlackElo "2322"]
[WhiteFideId "750930"]
[BlackFideId "12502014"]
[EventDate "2021.05.29"]

1. c4 e6 2. g3 Nf6 3. Bg2 d5 4. Nf3 Be7 5. O-O O-O 6. b3 c5 7. Bb2 d4 8. e3 Nc6
9. exd4 cxd4 10. Re1 Re8 11. d3 Bb4 12. Nbd2 e5 13. a3 Bxd2 14. Nxd2 a5 15. Ne4
Nxe4 16. Bxe4 Be6 17. Qd2 f5 18. Bg2 Qf6 19. b4 Bf7 20. b5 Nd8 21. f4 Rc8 22.
fxe5 Rxe5 23. Qxa5 h5 24. Rxe5 Qxe5 25. Re1 Qf6 26. Qa7 h4 27. Qxd4 Qh6 28. gxh4
Ne6 29. Qd7 Rd8 30. Qxb7 Qd2 31. Rxe6 Qxb2 32. Re1 Qxa3 33. Qc6 Qb2 34. b6 Qd2
35. Rf1 Qxd3 36. b7 Qb3 37. Qc7 Rf8 38. c5 Bc4 39. Re1 Qb4 40. Qe5 f4 41. Bd5+
Bxd5 42. Qxd5+ Kh7 43. Qe4+ Kg8 44. Qxb4 f3 45. Kf2 1-0

[Event "Women's Speed Chess Q2"]
[Site "chess.com INT"]
[Date "2021.05.29"]
[Round "11"]
[White "Dauletova, Gulmira"]
[Black "Nguyen, Thi Mai Hung"]
[Result "1-0"]
[WhiteTitle "WGM"]
[BlackTitle "WGM"]
[WhiteElo "2285"]
[BlackElo "2254"]
[WhiteFideId "13702971"]
[BlackFideId "12401676"]
[EventDate "2021.05.29"]

1. e4 e6 2. d4 d5 3. exd5 exd5 4. Bd3 Nf6 5. h3 Bd6 6. Nf3 O-O 7. O-O h6 8. c3
Nc6 9. Re1 Re8 10. Nbd2 a6 11. Nf1 Ne4 12. Ne3 Be6 13. c4 Nf6 14. c5 Bf8 15. a3
g6 16. b4 Bg7 17. Nc2 Qc8 18. Bf4 Bf5 19. Bxf5 Qxf5 20. Bxc7 Rxe1+ 21. Ncxe1 Ne4
22. Nc2 Re8 23. Ne3 Qd7 24. Bh2 Qe6 25. Qd3 f5 26. Rd1 g5 27. Qb3 Rd8 28. Be5
Bxe5 29. Nxe5 Nxd4 30. Rxd4 Qxe5 31. Rxd5 Rxd5 32. Qxd5+ Qxd5 33. Nxd5 Kf7 34.
f3 Nd2 35. a4 Ke6 36. Ne3 f4 37. Nc2 Kd5 38. Kf2 Kc4 39. Ke2 Nb1 40. b5 1-0

[Event "Women's Speed Chess Q2"]
[Site "chess.com INT"]
[Date "2021.05.29"]
[Round "11"]
[White "Kiolbasa, Oliwia"]
[Black "Samaganova, Alexandra"]
[Result "1-0"]
[WhiteTitle "WIM"]
[BlackTitle "WFM"]
[WhiteElo "2255"]
[BlackElo "1993"]
[WhiteFideId "1154613"]
[BlackFideId "13800221"]
[EventDate "2021.05.29"]

1. e4 c5 2. Nf3 e6 3. d4 cxd4 4. Nxd4 a6 5. Be2 Nf6 6. Nc3 Qc7 7. O-O Nc6 8. Be3
Be7 9. f4 d6 10. Qe1 O-O 11. Qg3 Rb8 12. Rae1 b5 13. Nxc6 Qxc6 14. e5 Nd7 15.
Kh1 Bb7 16. Bd3 g6 17. Ne4 Qc7 18. exd6 Bxd6 19. Bd4 Bxe4 20. Bxe4 f5 21. Bd3
Rbe8 22. b3 Nf6 23. a4 bxa4 24. Bc4 Nd5 25. Qf3 Qc6 26. Qd3 axb3 27. cxb3 Re7
28. Be5 Bxe5 29. Rxe5 Rfe8 30. Rfe1 Nb4 31. Qc3 a5 32. Qd4 Nc2 33. Qd3 Nxe1 34.
Rxe1 Rd7 35. Qe3 Rde7 36. h4 Qd6 37. h5 Kf7 38. h6 Kf6 39. Qc3+ Kf7 40. Qg7# 1-0

[Event "Women's Speed Chess Q2"]
[Site "chess.com INT"]
[Date "2021.05.29"]
[Round "11"]
[White "Dworakowska, Joanna"]
[Black "Agrest, Inna"]
[Result "1/2-1/2"]
[WhiteTitle "IM"]
[BlackTitle "WIM"]
[WhiteElo "2322"]
[BlackElo "2285"]
[WhiteFideId "1107445"]
[BlackFideId "1708830"]
[EventDate "2021.05.29"]

1. e4 e5 2. Nf3 Nc6 3. d4 exd4 4. Nxd4 Nf6 5. Nxc6 bxc6 6. e5 Qe7 7. Qe2 Nd5 8.
c4 Nb6 9. Nc3 Qe6 10. Qe4 Bb7 11. Bd2 O-O-O 12. O-O-O g6 13. Bd3 Bg7 14. f4 Rhe8
15. c5 Nd5 16. Qa4 Kb8 17. Ne4 f6 18. exf6 Nxf6 19. Rhe1 Qd5 20. Bc4 Rxe4 21.
Bxd5 Rxa4 22. Bf3 Rxa2 23. Kb1 Ra4 24. Bc3 Rxf4 25. Re7 Bf8 26. Rf7 Nh5 27.
Rdxd7 Rxd7 28. Rxd7 Bxc5 29. Rd8+ Bc8 30. Bxc6 Nf6 31. Ka2 Be7 32. Rh8 a6 33.
Be5 Rf2 34. Bg3 Rf1 35. Bf3 Rc1 36. Be5 Nd7 37. Bf4 Rc2 38. Rxh7 Bf6 39. Ka3
Rxb2 40. Bg4 Nc5 41. Bxc7+ Ka8 42. Bxc8 Rb3+ 43. Ka2 Rb2+ 44. Ka3 Rb3+ 45. Ka2
Rb2+ 46. Ka3 1/2-1/2

[Event "Women's Speed Chess Q2"]
[Site "chess.com INT"]
[Date "2021.05.29"]
[Round "11"]
[White "Singgih, Diajeng Theresa"]
[Black "Soumya, Swaminathan"]
[Result "1-0"]
[WhiteTitle "WFM"]
[BlackTitle "IM"]
[WhiteElo "1972"]
[BlackElo "2351"]
[WhiteFideId "7104391"]
[BlackFideId "5016193"]
[EventDate "2021.05.29"]

1. e4 c5 2. Nf3 Nc6 3. c3 Nf6 4. Bd3 d6 5. Bc2 Bg4 6. O-O e5 7. h3 Bh5 8. d3 h6
9. Be3 Be7 10. Nbd2 O-O 11. Qe1 d5 12. g4 Bg6 13. exd5 Nxd5 14. Qe2 Kh8 15. Rac1
f5 16. d4 e4 17. Ne5 Nxe5 18. dxe5 f4 19. Nxe4 fxe3 20. fxe3 Qc7 21. Nd6 Bxd6
22. Bxg6 Bxe5 23. Bc2 Nf6 24. Qd3 c4 25. Qg6 Kg8 26. Rf5 Bh2+ 27. Kh1 Bg3 28.
Rcf1 Qc6+ 29. Kg1 Bh4 30. Rxf6 Rxf6 31. Qh7+ Kf7 32. Bg6+ Ke6 33. Bf5+ Ke5 34.
Qxg7 Qc5 35. Qh7 Qxe3+ 36. Kh1 Qxh3+ 37. Kg1 Qg3+ 38. Kh1 1-0

[Event "Women's Speed Chess Q2"]
[Site "chess.com INT"]
[Date "2021.05.29"]
[Round "11"]
[White "Osmak, Iulija"]
[Black "Vantika, Agrawal"]
[Result "1-0"]
[WhiteTitle "IM"]
[BlackTitle "WIM"]
[WhiteElo "2425"]
[BlackElo "2286"]
[WhiteFideId "14101602"]
[BlackFideId "25050389"]
[EventDate "2021.05.29"]

1. e4 c5 2. b3 b6 3. Bb2 Bb7 4. Nc3 e6 5. g3 Nc6 6. Bg2 Nf6 7. f4 d5 8. e5 Nd7
9. Nf3 Be7 10. O-O O-O 11. d3 d4 12. Ne4 h6 13. Qe2 Nb4 14. a4 Nd5 15. Bc1 f5
16. exf6 N7xf6 17. Nxf6+ Rxf6 18. Bd2 Qc7 19. Rae1 Bd6 20. Ne5 Raf8 21. Nc4 Be7
22. Bh3 Bc8 23. Qe5 Qc6 24. Bg2 Bd8 25. Qd6 Qxd6 26. Nxd6 Bd7 27. Nc4 Bc7 28.
Re2 R6f7 29. Rfe1 a6 30. Ne5 Bxe5 31. Rxe5 Nf6 32. Bh3 Re8 33. Bxe6 Bxe6 34.
Rxe6 Rxe6 35. Rxe6 Rb7 36. Kg2 Kf7 37. Re5 Nd7 38. Re1 b5 39. axb5 axb5 40. Kf3
c4 41. b4 c3 42. Bc1 Ra7 43. f5 Ra2 44. Re2 Ra1 45. Bf4 Nf6 46. Be5 Nd5 47. Bxd4
Rb1 48. Re5 Nxb4 49. Rxb5 Rb2 50. Bxc3 Rxc2 51. Bxb4 1-0

[Event "Women's Speed Chess Q2"]
[Site "chess.com INT"]
[Date "2021.05.29"]
[Round "11"]
[White "Arpita, Mukherjee"]
[Black "Eswaran, Ashritha"]
[Result "0-1"]
[WhiteTitle "WIM"]
[BlackTitle "WIM"]
[WhiteElo "2206"]
[BlackElo "2244"]
[WhiteFideId "5056403"]
[BlackFideId "2080788"]
[EventDate "2021.05.29"]

1. e4 c5 2. Nf3 d6 3. Bb5+ Nd7 4. d4 cxd4 5. Qxd4 a6 6. Bxd7+ Bxd7 7. c4 Rc8 8.
Nc3 e5 9. Qd3 Be6 10. b3 Be7 11. O-O Nf6 12. a4 O-O 13. Ba3 Qc7 14. Rac1 Nh5 15.
g3 f5 16. Nd5 Bxd5 17. cxd5 fxe4 18. Qxe4 Qd7 19. a5 Qh3 20. Rxc8 Rxc8 21. Nxe5
Nf6 22. Qf3 dxe5 23. Bxe7 e4 24. Qh1 Qxf1+ 25. Kxf1 Rc1+ 26. Kg2 Rxh1 27. Kxh1
Nxd5 28. Bc5 Kf7 29. Kg1 Ke6 30. Bd4 g5 31. Kf1 g4 32. Ke2 Kd6 33. Bg7 Kc5 34.
Bf8+ Kb5 35. b4 Nxb4 36. Ke3 Nd3 37. Kxe4 Nxf2+ 38. Kf4 Kxa5 39. Kf5 b5 40. Bc5
Nd3 41. Bd4 b4 42. Kxg4 b3 43. Kf5 Kb4 44. h4 a5 45. g4 a4 46. Ke4 b2 47. Bxb2
Nxb2 48. g5 a3 49. h5 a2 50. g6 hxg6 51. hxg6 a1=Q 52. g7 Qg1 0-1

[Event "Women's Speed Chess Q2"]
[Site "chess.com INT"]
[Date "2021.05.29"]
[Round "11"]
[White "Zakirova, Aisha"]
[Black "Secopito, Catherine"]
[Result "1/2-1/2"]
[WhiteTitle "WCM"]
[BlackTitle "WIM"]
[WhiteElo "1585"]
[BlackElo "2075"]
[WhiteFideId "13719734"]
[BlackFideId "5202744"]
[EventDate "2021.05.29"]

1. d4 d5 2. c4 e6 3. Nf3 Nf6 4. Nc3 Be7 5. Bg5 Nbd7 6. cxd5 exd5 7. Qc2 c6 8. e3
h6 9. Bh4 O-O 10. Bd3 Re8 11. O-O Ne4 12. Bxe7 Qxe7 13. Rab1 b6 14. b4 Bb7 15.
Nd2 Ndf6 16. b5 c5 17. dxc5 Nxc3 18. Qxc3 bxc5 19. b6 axb6 20. Rxb6 Rxa2 21.
Rfb1 Ra7 22. h3 Rd8 23. Nf3 d4 24. exd4 Nd5 25. Qxc5 Qxc5 26. dxc5 Nxb6 27. cxb6
Ra2 28. Bc4 Rc2 29. Ne5 Rdd2 30. Bxf7+ Kf8 31. Bg6 Rb2 32. Rf1 Rxb6 33. Nc4 Rxg6
34. Nxd2 Rxg2+ 35. Kh1 Rxf2+ 36. Kg1 Rxf1+ 37. Kxf1 Kf7 38. Kf2 Kf6 39. Kg3 Kg5
40. Nc4 Kh5 41. Nd6 Bd5 42. Nf5 g5 43. Ne7 Ba8 44. Nf5 Kg6 45. Nd4 h5 46. Ne6
Bd5 47. Nc7 h4+ 48. Kh2 Bc6 49. Ne6 Kf5 50. Nd4+ Kf4 51. Nxc6 g4 52. hxg4 Kxg4
53. Ne5+ Kf5 54. Nf3 Kg4 55. Nxh4 1/2-1/2

[Event "Women's Speed Chess Q2"]
[Site "chess.com INT"]
[Date "2021.05.29"]
[Round "11"]
[White "Fernandez, Maria Florencia"]
[Black "Eswaran, Aksithi"]
[Result "1-0"]
[WhiteTitle "WIM"]
[BlackTitle "WCM"]
[WhiteElo "2229"]
[BlackElo "1745"]
[WhiteFideId "116459"]
[BlackFideId "2083485"]
[EventDate "2021.05.29"]

1. d4 d5 2. c4 c6 3. Nc3 Nf6 4. Nf3 e6 5. Bg5 Nbd7 6. e3 Be7 7. Bd3 dxc4 8. Bxc4
b5 9. Bd3 b4 10. Ne2 Bb7 11. O-O c5 12. Rc1 O-O 13. Ne5 Nxe5 14. dxe5 Qd5 15. f3
Qxe5 16. Bf4 Qxb2 17. Rc2 Qa3 18. Rd2 Rfd8 19. Ng3 Nd5 20. Nh5 Nc3 21. Qc2 g6
22. Ng3 Bf6 23. Bc7 Rd7 24. Bxg6 Rxd2 25. Bxh7+ Kg7 26. Qxd2 Kxh7 27. Qd7 Kg8
28. Nh5 Nd5 29. e4 Qe3+ 30. Kh1 Nxc7 31. Qxc7 Ba6 32. Nxf6+ Kg7 33. Qe5 Qd4 34.
Qg5+ Kf8 35. Nh7+ Ke8 36. Qg8+ Kd7 37. Qxf7+ Kc6 38. Qxe6+ Kb5 39. Nf6 Rd8 40.
Nd5 Ka5 41. Rg1 Rh8 42. Qe7 Qf2 43. Qc7+ Ka4 44. Qc6+ Ka3 45. Qxa6+ Kb2 46. h3
Qg3 47. Qf1 Ka3 48. Ne3 Ka4 49. Nf5 Qe5 50. Qa6# 1-0

[Event "Women's Speed Chess Q2"]
[Site "chess.com INT"]
[Date "2021.05.29"]
[Round "11"]
[White "Vo, Thi Kim Phung"]
[Black "Socko, Monika"]
[Result "0-1"]
[WhiteTitle "WGM"]
[BlackTitle "GM"]
[WhiteElo "2335"]
[BlackElo "2421"]
[WhiteFideId "12401838"]
[BlackFideId "1106619"]
[EventDate "2021.05.29"]

1. d4 Nf6 2. c4 e6 3. Nc3 Bb4 4. Qc2 O-O 5. Nf3 d5 6. cxd5 exd5 7. Bg5 h6 8. Bh4
Be7 9. e3 b6 10. Bd3 Ba6 11. Bxa6 Nxa6 12. O-O c5 13. Qa4 Nc7 14. Ne5 c4 15. b3
Qe8 16. Qxe8 Rfxe8 17. bxc4 dxc4 18. Nxc4 Nfd5 19. Nxd5 Nxd5 20. Bxe7 Rxe7 21.
Rfc1 Rc8 22. Nd6 Rd8 23. Nf5 Red7 24. a4 h5 25. a5 g6 26. Ng3 b5 27. Rc5 b4 28.
Ne4 Kg7 29. a6 Rb8 30. g3 b3 31. Rb1 Rb6 32. Nd2 Rc7 33. Rxd5 Rxa6 34. Rxb3 Ra2
35. Rd3 Rc1+ 36. Kg2 Rcc2 37. Ne4 f5 38. Rd7+ Kf8 39. Kf3 g5 40. Rc3 fxe4+ 41.
Kxe4 Rxc3 42. Kf5 Rxf2+ 43. Kxg5 Rxh2 44. e4 a5 45. e5 Rf2 46. e6 a4 47. d5 Ke8
48. Ra7 Rc5 49. Re7+ Kxe7 0-1

[Event "Women's Speed Chess Q2"]
[Site "chess.com INT"]
[Date "2021.05.29"]
[Round "11"]
[White "Mkrtchian, Lilit"]
[Black "Morris-Suzuki, Sophie"]
[Result "0-1"]
[WhiteTitle "IM"]
[BlackTitle "WFM"]
[WhiteElo "2388"]
[BlackElo "2043"]
[WhiteFideId "13300601"]
[BlackFideId "30922615"]
[EventDate "2021.05.29"]

1. e4 c5 2. Nc3 e6 3. Nge2 a6 4. g3 b5 5. Bg2 Bb7 6. d4 cxd4 7. Nxd4 Nf6 8. a3
d6 9. O-O Qc7 10. Re1 Be7 11. a4 b4 12. Na2 O-O 13. Bd2 d5 14. e5 Nfd7 15. f4 a5
16. c3 Nc6 17. Be3 Nc5 18. Rc1 b3 19. Nxb3 Nxa4 20. Rc2 Nb6 21. Nd4 Nc4 22. Bf2
a4 23. Nc1 Ba6 24. Nd3 Nxd4 25. Bxd4 Rab8 26. Qg4 Qd7 27. Ra1 a3 28. bxa3 Nxa3
29. Rd2 Nc4 30. Rdd1 Bb5 31. Bf1 Ra8 32. h4 Rfb8 33. h5 h6 34. Qf3 Bc6 35. Qf2
Qb7 36. Qc2 Bb5 37. Qf2 Qc6 38. Rdb1 Qd7 39. Qe1 Bc6 40. Rxa8 Rxa8 41. Ra1 Qb7
42. Qc1 Ba3 43. Qc2 Ba4 44. Qb1 Qa6 45. Nb4 Qc8 46. Bxc4 Bxb4 47. Qxb4 Qxc4 48.
Qxc4 dxc4 49. Kf2 Bc6 0-1